| 000 | 01369cas a2200361 a 4500 | ||
|---|---|---|---|
| 001 | 11277911 | ||
| 005 | 20040208174425.0 | ||
| 008 | 830422c19839999ii mr p 0 a0eng d | ||
| 010 |
_a 83913391 _zsn 83011947 |
||
| 035 | _a(OCoLC)ocm09438856 | ||
| 040 |
_aICRL _cICRL _dNST _dMH _dDLC _dNST _dDLC _dNST _dMH _dOCoLC |
||
| 042 | _alc | ||
| 043 | _aa-ii--- | ||
| 050 |
_aDS432.M84 _bM87 |
||
| 082 |
_a954.00882971 _219 |
||
| 245 | _aMuslim India. | ||
| 260 |
_aNew Delhi _bMuslim India Educational & Cultural Trust _c1983- |
||
| 300 |
_av. ; _c27 cm. |
||
| 310 | _aMonthly | ||
| 362 | _aVol. 1, no. 1 (Jan. 1983)- | ||
| 500 | _aTitle from cover. | ||
| 500 | _aLatest issue consulted: Vol. 2, no. 24 (Dec. 1984). | ||
| 590 | _aSERBIB/SERLOC merged record | ||
| 650 |
_aMuslims _zIndia _vPeriodicals. |
||
| 270 |
_aD-250, Abul Fazal Enclave, Jamia Nagar _bNew Delhi _e110025 _k26946780 _l26947346 _mmuslim@del3.vsnl.net.in |
||
| 906 |
_a7 _bcbc _cserials _d3 _encip _f19 _gn-oclcserc |
||
| 942 |
_2ddc _cSR _h954.00882971 _mMUS _s1 |
||
| 999 |
_c27728 _d27728 |
||